|
|
|
|
| LEADER |
00000cam a2200000 a 4500 |
| 001 |
vtls008942943 |
| 003 |
SK-MaSNL |
| 005 |
20260302075620.0 |
| 008 |
240313s2006 xo g 000 ddslo |
| 015 |
|
|
|a SNBA2007/07-02790
|
| 020 |
|
|
|a 808898775X
|q (brožované)
|
| 035 |
|
|
|a E9D5C52A-002F-4445-B23C-657CE627B818
|
| 035 |
|
|
|a urn:nbn:sk:snk-amlbi4
|
| 035 |
|
|
|a urn:nbn:sk:snk-am00920y
|
| 040 |
|
|
|a SNK
|b slo
|c SNK
|e AACR2
|
| 041 |
1 |
|
|a slo
|h eng
|
| 044 |
|
|
|a xo
|c SK
|
| 072 |
|
7 |
|a 821.111(73)
|x Americká literatúra
|2 konspekt
|
| 072 |
|
7 |
|a 821.111(73)-2
|x Americká dráma
|2 konspekt
|
| 080 |
|
|
|a 821.111(73)-2
|2 2001
|
| 080 |
|
|
|a (082.2)
|2 2011
|
| 080 |
|
|
|a (082.21)
|2 2011
|
| 080 |
|
|
|a (0:82-4)
|2 2011
|
| 080 |
|
|
|a (047.53)
|2 2011
|
| 100 |
1 |
|
|a Mamet, David,
|d 1947-
|4 aut
|9 429495
|
| 245 |
1 |
0 |
|a Hry
|c David Mamet ; [z anglických originálov preložili: Zuzana Flašková ... [et al.] ; výber zostavil Juraj Šebesta]
|
| 250 |
|
|
|a 1. vyd.
|
| 260 |
|
|
|a Bratislava
|b Divadelný ústav
|c 2006
|
| 300 |
|
|
|a 349 s.
|c 24 cm
|
| 366 |
|
|
|e 500 kusov
|
| 490 |
1 |
|
|a Svetová dráma - antológie
|
| 504 |
|
|
|a Bibliogr. s. 331-335. Pozn.
|
| 655 |
|
7 |
|a divadelné hry
|2 SNKPH
|9 70577
|
| 655 |
|
7 |
|a výbery
|2 SNKPH
|9 67620
|
| 655 |
|
7 |
|a americké drámy
|2 SNKPH
|9 62902
|
| 655 |
|
7 |
|a eseje
|2 SNKPH
|9 57030
|
| 655 |
|
7 |
|a rozhovory
|2 SNKPH
|9 31831
|
| 655 |
|
7 |
|a American drama
|2 SNKPHeng
|9 344506
|
| 655 |
|
7 |
|a Theatre plays
|2 SNKPHeng
|9 278336
|
| 655 |
|
7 |
|a Selections
|2 SNKPHeng
|9 277174
|
| 655 |
|
7 |
|a Essays
|2 SNKPHeng
|9 267540
|
| 655 |
|
7 |
|a Interviews
|2 SNKPHeng
|9 266520
|
| 700 |
1 |
|
|a Flašková, Zuzana
|4 trl
|9 350321
|
| 700 |
1 |
|
|a Šebesta, Juraj,
|d 1964-
|4 trl
|4 com
|9 101141
|
| 700 |
1 |
|
|a Kerata, Ladislav,
|d 1961-
|4 trl
|9 104475
|
| 700 |
1 |
|
|a Ruppeldtová, Alexandra,
|d 1954-
|4 trl
|9 90839
|
| 700 |
1 |
|
|a Šebesta, Juraj,
|d 1942-
|4 trl
|9 100739
|
| 700 |
1 |
2 |
|a Mamet, David,
|d 1947-
|t Kačacie variácie
|4 aut
|9 742697
|
| 700 |
1 |
2 |
|a Mamet, David,
|d 1947-
|t Sexuálna perverzita v Chicagu
|4 aut
|9 742698
|
| 700 |
1 |
2 |
|a Mamet, David,
|d 1947-
|t Americký bizón
|4 aut
|9 742699
|
| 700 |
1 |
2 |
|a Mamet, David,
|d 1947-
|t Edmond
|4 aut
|9 742700
|
| 700 |
1 |
2 |
|a Mamet, David,
|d 1947-
|t V pote tváre orať budeš
|4 aut
|9 742701
|
| 700 |
1 |
2 |
|a Mamet, David,
|d 1947-
|t Oleanna
|4 aut
|9 742702
|
| 700 |
1 |
2 |
|a Mamet, David,
|d 1947-
|t Kryptogram
|4 aut
|9 742703
|
| 830 |
|
0 |
|a Svetová dráma - antológie
|9 348109
|
| 852 |
|
|
|a Akadémia umení v Banskej Bystrici
|
| 919 |
|
|
|a 80-88987-75-X
|
| 958 |
|
|
|a UP
|
| 958 |
|
|
|a LX
|
| 968 |
|
|
|b ENG
|d 821
|
| 999 |
|
|
|c 1169922
|d 1171852
|
| 952 |
|
|
|a SNK
|b SNK
|y PREZ
|7 0
|p 17A0539592
|o snkSC 126688
|i snk2007/4178
|8 0
|0 0
|1 0
|4 0
|d 2007-02-13
|f 1
|l 0
|r 2025-06-16 00:00:00
|w 2026-02-24
|
| 952 |
|
|
|a SNK
|b SNK
|y VYP
|7 0
|p 17A0539591
|o snkSC 126688 D1
|i snk2007/4179
|8 0
|0 0
|1 0
|4 0
|d 2007-02-13
|l 0
|r 2026-02-24 21:00:48
|w 2026-02-24
|